1858 1448 1205 1575 1278 1056 1311 1200 1528 1347 1952 1745 1106 1322 1844 1895 1227 1210 1042 1656 1250 1459 1674 1942 1791 1159 1963 1949 1509 1922 1802 1052 1158 1462 1048 1521 1830 1860 1639 1705 1090 1172 1769 1122 1390 1630 1860 1221 1946 1218 1802 1291 1719 1135 1954 1789 1705 1097 1081 1753 1264 1663 1064 1142 1567 1003 1099 1000 1446 1177 1976 1443 1927 1155 1760 1479 1290 1148 1025 1365 1652 1962 1663 1570 1098 1507 1714 1755 1490 1647 1819 1274 1267 1464 1714 1886 1196 1117 1810 BCNSPRNW ULIB Ver.6.0+V

เปลี่ยนเป็นภาษาไทย

Change to English
 แสดงรายละเอียดบรรณานุกรม
  กลับหน้าหลัก

Brief Record : Get Marc (ISO 2709) : E-mail record : QR code < ปิดหน้าต่าง
LEADER : 00000nam 2200000uu 4500
001    13399108495
003     ULIB
008    110306s2553||||th 000 0 tha d
020    9786167287195
060 04 WC534^bค695 2553
245 00 คู่มือทักษะการสื่อสารเพื่อดูแลผู้ป่วยไข้เลือดออก /^cศูนย์ฝึกอบรมทักษะการสื่อสาร ฝ่ายกุมารเวชศาสตร์ โรงพยาบาลจุฬาลงกรณ์ ; บรรณาธิการ, ชิษณุ พันธุ์เจริญ, ธันยวีร์ ภูธนกิจ, จรุงจิตร์ งามไพบูลย์
246 14 ทักษะการสื่อสารเพื่อดูแลผู้ป่วยป่วยไข้เลือดออก :^bฉบับพกพา
246 30 ทักษะการสื่อสารเพื่อดูแลผู้ป่วยไข้เลือดออก
260    กรุงเทพฯ :^bธนาเพรส,^c2553
300    103 หน้า ;^c19 ซม.
650  7 การสื่อสารทางการแพทย์^vคู่มือ
650  7  ไข้เลือดออก^xคู่มือ
650  7 ไข้เลือดออก^xการดูแล
700 0  ชิษณุ พันธุ์เจริญ,^eบรรณาธิการ
700 0  ธันยวีร์ ภูธนกิจ,^eบรรณาธิการ
700 0  จรุงจิตร์ งามไพบูลย์,^eบรรณาธิการ
710 2  โรงพยาบาลจุฬาลงกรณ์. ^bฝ่ายกุมารเวชศาสตร์.^bศูนย์ฝึกอบรมทักษะการสื่อสาร
945    ^p90^l0^i18015
945    ^p90^l0^i18017
945    ^p90^l0^i18016
995    เกษร
999 ^a ใช้งานได้ทุกระบบ
รายการนี้ยังไม่มีแท็ก
คุณยังไม่ได้ล็อกอิน คุณสามารถมีกิจกรรมร่วมกับเว็บไซต์ได้ แต่ต้องล็อกอินก่อน ::
  ล็อกอิน

รายการสื่อสารสนเทศ

ลำดับที่ ประเภท เลขเรียก/บาร์โค้ด สถานที่ สถานะ
1. วิทยาศาสตร์การแพทย์ และสุขภาพ
วิทยาศาสตร์การแพทย์ และสุขภาพ
สถานะ=หนังสือเก่า
WC534 ค695 2553  
  Barcode: 18015
ห้องสมุดวิทยาเขตนครสวรรค์
►ส่วนจัดเก็บหนังสือเก่า นว.
บนชั้น
  ขอยืม
2. วิทยาศาสตร์การแพทย์ และสุขภาพ
วิทยาศาสตร์การแพทย์ และสุขภาพ
สถานะ=หนังสือเก่า
WC534 ค695 2553 ฉ.2 
  Barcode: 18017
ห้องสมุดวิทยาเขตนครสวรรค์
►ส่วนจัดเก็บหนังสือเก่า นว.
บนชั้น
  ขอยืม
3. วิทยาศาสตร์การแพทย์ และสุขภาพ
วิทยาศาสตร์การแพทย์ และสุขภาพ
สถานะ=หนังสือเก่า
WC534 ค695 2553 ฉ.3 
  Barcode: 18016
ห้องสมุดวิทยาเขตนครสวรรค์
►ส่วนจัดเก็บหนังสือเก่า นว.
บนชั้น
  ขอยืม

BibComment


ยังไม่เคยถูกคอมเมนท์

คอมเมนท์ทรัพยากรรายการนี้
  คอมเมนท์: คู่มือทักษะการสื่..


 Copyright 2026. Bcnsprnw @Library